000
00324nam a22001337a 4500
008
210301b ||||| |||| 00| 0 eng d
020
_a
9780534536053
041
_a
eng
080
_2
7th
_a
159.9
100
_a
48
101
_a
PSI
245
_a
Theory And Practice of Counseling & Psychotherapy
_c
Corey,G
942
_2
udc
_c
BK
999
_c
55414
_d
55414